000
00272nam a22001097a 4500
005
20230724164356.0
008
230724b |||||||| |||| 00| 0 eng d
022
_a
0972-9259
245
_a
THE IUP JOURNAL OF BUSINESS STRATEGY
260
_b
IUP PUBLICATION
_c
2023
942
_c
JRL
999
_c
8328
_d
8326